[Event "DSM WK M 2015"]
[Site "Karlsruhe GER"]
[Date "2015.05.09"]
[Round "4"]
[White "Brunkardt, Elena"]
[Black "Bach, Kira"]
[Result "0-1"]
[Termination "normal"]
[Board "1.2"]
[WhiteElo "1474"]
[BlackElo "1536"]
[WhiteTeam "Deutschorden-Gymnasium Bad Mergentheim"]
[BlackTeam "Auguste-Viktoria-Gymnasium Trier"]
[PlyCount "44"]
[WhiteFideId "16208838"]
[BlackFideId "12907677"]
[EventCountry "GER"]
[EventRounds "7"]
[EventType "team-swiss"]
[EventDate "2015.05.07"]

1. e4 e6 2. d4 d5 3. exd5 exd5 4. Bd3 Bd6 5. Qf3 c6 6. Ne2 Be6 7. O-O Nf6 8. h3
O-O 9. Bg5 Nbd7 10. Nd2 Rc8 11. c3 b6 12. Rfe1 Re8 13. Ng3 h6 14. Bxf6 Nxf6 15.
Bf5 Qd7 16. Bxe6 Rxe6 17. Nf5 Rce8 18. Rxe6 Qxe6 19. c4 Bb8 20. b3 dxc4 21.
Nxc4 Qe1+ 22. Rxe1 Rxe1# 0-1

[Event "DSM WK M 2015"]
[Site "Karlsruhe GER"]
[Date "2015.05.09"]
[Round "4"]
[White "Kim, Yu-Mi"]
[Black "Youness, Fatima"]
[Result "0-1"]
[Termination "normal"]
[Board "1.3"]
[WhiteElo "1304"]
[BlackElo "1369"]
[WhiteTeam "Auguste-Viktoria-Gymnasium Trier"]
[BlackTeam "Deutschorden-Gymnasium Bad Mergentheim"]
[PlyCount "144"]
[WhiteFideId "12955361"]
[BlackFideId "16214404"]
[EventCountry "GER"]
[EventRounds "7"]
[EventType "team-swiss"]
[EventDate "2015.05.07"]

1. e4 e5 2. Nf3 Nc6 3. Bc4 Bc5 4. c3 Nf6 5. d3 d6 6. Nbd2 Be6 7. Bb3 d5 8. exd5
Bxd5 9. Nf1 e4 10. dxe4 Bxb3 11. Qxb3 Nxe4 12. Be3 Rb8 13. Bxc5 Nxc5 14. Qc4
Nd3+ 15. Ke2 Nxb2 16. Qe4+ Qe7 17. N1d2 Qxe4+ 18. Nxe4 Nc4 19. Rhe1 O-O 20. Kf1
Rfe8 21. Nc5 N6e5 22. Nd4 b6 23. Na6 Rb7 24. f4 Nd2+ 25. Kg1 f6 26. fxe5 fxe5
27. Nb5 e4 28. Naxc7 Re7 29. Nd5 Re6 30. Nd4 Re8 31. Ne3 Rf7 32. Re2 Nf3+ 33.
gxf3 exf3 34. Nxf3 Rxf3 35. Rae1 h6 36. Kg2 Rf6 37. Nd5 Rg6+ 38. Kh1 Rxe2 39.
Rxe2 Rd6 40. Nb4 Rd1+ 41. Kg2 Rd7 42. Nc6 Rc7 43. Ne7+ Kh7 44. Nd5 Rd7 45. c4
Rd6 46. Re7 b5 47. Re4 bxc4 48. Rxc4 Rxd5 49. Rc7 Rd2+ 50. Kh3 Rxa2 51. Kg3 a5
52. Ra7 a4 53. Kf3 a3 54. h3 Rh2 55. Kg3 Ra2 56. Kf3 Ra1 57. Kf2 a2 58. Ke2 Rh1
59. Rxa2 Rh2+ 60. Kf3 Rxa2 61. Kg3 h5 62. Kh4 Kh6 63. Kg3 g5 64. Kf3 Ra3+ 65.
Kg2 g4 66. hxg4 hxg4 67. Kf2 Kh5 68. Kg2 Kh4 69. Kh2 Ra2+ 70. Kg1 Kh3 71. Kf1
g3 72. Kg1 Ra1# 0-1

[Event "DSM WK M 2015"]
[Site "Karlsruhe GER"]
[Date "2015.05.09"]
[Round "4"]
[White "Weiß, Nadine"]
[Black "Mertes, Kathrin"]
[Result "0-1"]
[Termination "normal"]
[Board "1.4"]
[WhiteElo "1061"]
[BlackElo "1225"]
[WhiteTeam "Deutschorden-Gymnasium Bad Mergentheim"]
[BlackTeam "Auguste-Viktoria-Gymnasium Trier"]
[PlyCount "88"]
[EventCountry "GER"]
[EventRounds "7"]
[EventType "team-swiss"]
[EventDate "2015.05.07"]

1. Nf3 Nc6 2. g3 e5 3. d3 d5 4. Nbd2 Nf6 5. e4 d4 6. c3 Bc5 7. Nc4 Ng4 8. Bh3
dxc3 9. Bxg4 Bxg4 10. bxc3 Qf6 11. Ncd2 O-O-O 12. Qe2 Bd4 13. Bb2 Bc5 14. h3
Bxf3 15. Nxf3 g5 16. g4 h5 17. Kd2 Qf4+ 18. Kc2 hxg4 19. hxg4 Qxg4 20. Rxh8
Rxh8 21. Rg1 Qe6 22. Nxg5 Qxa2 23. Qg4+ Kb8 24. Ra1 Qxa1 25. Bxa1 Rh2 26. Nxf7
Rxf2+ 27. Kb3 Rxf7 28. Kc4 Bd6 29. Kd5 Nd8 30. Qg5 Kc8 31. Qg4+ Kb8 32. c4 b6
33. Bxe5 Bxe5 34. Kxe5 {(=)} Re7+ 35. Kf6 Rf7+ 36. Ke5 Nc6+ 37. Kd5 Ne7+ 38.
Ke6 Rh7 39. Qg5 Nc6 40. Qg8+ Nd8+ 41. Qxd8+ Kb7 42. Qd5+ c6 43. Qd8 a5 44. e5
a4 {...} 0-1

[Event "DSM WK M 2015"]
[Site "Karlsruhe GER"]
[Date "2015.05.09"]
[Round "4"]
[White "Kail, Sindy"]
[Black "Kümmel, Tina"]
[Result "1/2-1/2"]
[Termination "normal"]
[Board "2.1"]
[WhiteElo "1528"]
[BlackElo "1381"]
[WhiteTeam "Maria-Ward-Schule Aschaffenburg"]
[BlackTeam "Ludwigsgymnasium Köthen"]
[PlyCount "38"]
[WhiteFideId "12988502"]
[BlackFideId "12979368"]
[EventCountry "GER"]
[EventRounds "7"]
[EventType "team-swiss"]
[EventDate "2015.05.07"]

1. e4 e6 2. d4 d5 3. Nd2 Nf6 4. e5 Nfd7 5. Bd3 c5 6. c3 Nc6 7. Ne2 Qb6 8. Nf3
Be7 9. O-O O-O 10. a3 Re8 11. Rb1 Nf8 12. Be3 Bd7 13. b4 c4 14. Bc2 Qc7 15. Qd2
b5 16. Bg5 Ng6 17. Bxe7 Ncxe7 18. Nf4 Rf8 19. Ng5 Qb6 1/2-1/2

[Event "DSM WK M 2015"]
[Site "Karlsruhe GER"]
[Date "2015.05.09"]
[Round "4"]
[White "Wesselly, Luisa"]
[Black "Damrich, Alina"]
[Result "0-1"]
[Termination "normal"]
[Board "2.2"]
[WhiteElo "1032"]
[BlackElo "1470"]
[WhiteTeam "Ludwigsgymnasium Köthen"]
[BlackTeam "Maria-Ward-Schule Aschaffenburg"]
[PlyCount "30"]
[WhiteFideId "16217187"]
[BlackFideId "12964603"]
[EventCountry "GER"]
[EventRounds "7"]
[EventType "team-swiss"]
[EventDate "2015.05.07"]

1. e4 e5 2. Nf3 Nc6 3. Bc4 Bc5 4. d3 h6 5. Nc3 Nf6 6. O-O d6 7. h3 g5 8. Bd2 g4
9. hxg4 Bxg4 10. a3 Nd4 11. Nb5 Nxf3+ 12. gxf3 Bh3 13. Re1 Nh5 14. Kh2 Qh4 15.
Rg1 Bf1# 0-1

[Event "DSM WK M 2015"]
[Site "Karlsruhe GER"]
[Date "2015.05.09"]
[Round "4"]
[White "Hock, Anna-Maria"]
[Black "Buchheim, Luise"]
[Result "1-0"]
[Termination "normal"]
[Board "2.3"]
[WhiteElo "1380"]
[BlackElo "1112"]
[WhiteTeam "Maria-Ward-Schule Aschaffenburg"]
[BlackTeam "Ludwigsgymnasium Köthen"]
[PlyCount "77"]
[WhiteFideId "12942880"]
[BlackFideId "16217179"]
[EventCountry "GER"]
[EventRounds "7"]
[EventType "team-swiss"]
[EventDate "2015.05.07"]

1. e4 e5 2. Nf3 Nc6 3. Bb5 d6 4. O-O Bd7 5. Re1 Nf6 6. Nc3 a6 7. Ba4 g6 8. d3
Bg7 9. Bg5 h6 10. Bd2 O-O 11. Qc1 Kh7 12. Bb3 Bg4 13. Re3 Nd4 14. Ne1 b5 15. f3
Be6 16. Bxe6 fxe6 17. Ne2 c6 18. Nxd4 exd4 19. Re2 e5 20. c3 dxc3 21. Qxc3 Qb6+
22. Kh1 Rac8 23. Be3 Qb7 24. Nc2 c5 25. Bg1 Rc7 26. Ne3 Rff7 27. Rf1 Ne8 28.
Nd5 Rc8 29. Qd2 Bf8 30. f4 Ng7 31. Ref2 exf4 32. Rxf4 Rxf4 33. Qxf4 Nh5 34.
Nf6+ Nxf6 35. Qxf6 a5 36. Be3 Ra8 37. Rf3 Bg7 38. Qxd6 Rf8 39. Rxf8 1-0

[Event "DSM WK M 2015"]
[Site "Karlsruhe GER"]
[Date "2015.05.09"]
[Round "4"]
[White "Buhle, Jasmin"]
[Black "Gentil, Verena"]
[Result "0-1"]
[Termination "normal"]
[Board "2.4"]
[WhiteElo "960"]
[BlackElo "935"]
[WhiteTeam "Ludwigsgymnasium Köthen"]
[BlackTeam "Maria-Ward-Schule Aschaffenburg"]
[PlyCount "85"]
[WhiteFideId "16217195"]
[BlackFideId "12964611"]
[EventCountry "GER"]
[EventRounds "7"]
[EventType "team-swiss"]
[EventDate "2015.05.07"]

1. e4 e5 2. Nf3 Nc6 3. Bc4 Bc5 4. Nc3 Nf6 5. d3 h6 6. O-O O-O 7. Bd2 d6 8. h3
Qe7 9. Nh2 Be6 10. Qf3 Bxc4 11. dxc4 Nd4 12. Qg3 Nh5 13. Qg4 Nf4 14. Bxf4 exf4
15. Qxf4 Qe6 16. Rac1 Bb4 17. Qd2 Qxc4 18. Rfe1 Nb5 19. Re3 Qxa2 20. Rg3 Qxb2
21. Rb1 Bxc3 22. Rxb2 Bxd2 23. Rxb5 b6 24. Rd5 Bb4 25. Ng4 g6 26. Nf6+ Kg7 27.
Rf5 a5 28. Nd5 Rac8 29. Nxb4 axb4 30. Rb5 c5 31. Rxb6 Rfd8 32. Rd3 Ra8 33.
Rdxd6 Rxd6 34. Rxd6 Ra1+ 35. Kh2 Rc1 36. Rb6 Rxc2 37. f3 Rd2 38. Rb5 c4 39.
Rxb4 c3 40. Rc4 c2 41. Kg3 h5 42. f4 Rd3+ 43. Kh4 0-1

[Event "DSM WK M 2015"]
[Site "Karlsruhe GER"]
[Date "2015.05.09"]
[Round "4"]
[White "Leinemann, Vivien Sophie"]
[Black "Hofmann, Imke"]
[Result "1-0"]
[Termination "time forfeit"]
[Board "3.1"]
[WhiteElo "1425"]
[BlackElo "1253"]
[WhiteTeam "Charlotte-Paulsen-Gymnasium Hamburg"]
[BlackTeam "Konrad-Duden-Schule Bad Hersfeld"]
[PlyCount "79"]
[WhiteFideId "16208536"]
[EventCountry "GER"]
[EventRounds "7"]
[EventType "team-swiss"]
[EventDate "2015.05.07"]

1. e4 e5 2. Nf3 Nc6 3. Bb5 d6 4. d3 h6 5. O-O a6 6. Ba4 b5 7. Bb3 Nf6 8. Re1
Bg4 9. c3 Qd7 10. Nbd2 d5 11. exd5 Nxd5 12. Nxe5 Bxd1 13. Nxd7+ Kxd7 14. Bxd5
Bh5 15. Nf3 Bd6 16. Be3 Rhe8 17. Nd4 Ne5 18. Bxa8 Rxa8 19. f3 Nxd3 20. Re2 f6
21. Rd1 Ne5 22. Bf4 g5 23. Bxe5 Bxe5 24. Nf5+ Kc6 25. Ne7+ Kb6 26. Nd5+ Kb7 27.
Red2 g4 28. fxg4 Bxg4 29. Rf1 Rf8 30. Rdf2 b4 31. Nxf6 bxc3 32. bxc3 Bxc3 33.
Kh1 Be6 34. Ne4 Rxf2 35. Rxf2 Bd4 36. Rd2 Be3 37. Rb2+ Kc8 38. Re2 Bd4 39. Nd6+
cxd6 40. Rxe6 1-0

[Event "DSM WK M 2015"]
[Site "Karlsruhe GER"]
[Date "2015.05.09"]
[Round "4"]
[White "Bolender, Luisa"]
[Black "G., Diana"]
[Result "0-1"]
[Termination "normal"]
[Board "3.2"]
[WhiteElo "1167"]
[BlackElo "1162"]
[WhiteTeam "Konrad-Duden-Schule Bad Hersfeld"]
[BlackTeam "Charlotte-Paulsen-Gymnasium Hamburg"]
[PlyCount "80"]
[WhiteFideId "12996483"]
[BlackFideId "12964700"]
[EventCountry "GER"]
[EventRounds "7"]
[EventType "team-swiss"]
[EventDate "2015.05.07"]

1. e4 e5 2. Nf3 Nc6 3. Bc4 Nf6 4. Ng5 d5 5. exd5 Na5 6. Bb5+ c6 7. dxc6 bxc6 8.
Be2 Bc5 9. c3 Bb6 10. Qa4 Bd7 11. Ba6 Rb8 12. O-O h6 13. Ne4 O-O 14. Nd6 Bc7
15. Ne4 Kh8 16. d3 c5 17. Qa3 c4 18. Nxf6 Qxf6 19. Bxc4 Nxc4 20. dxc4 Qg6 21.
Kh1 Bc6 22. f3 e4 23. Nd2 Qh5 24. f4 Qg4 25. Qc5 Qg6 26. Qe3 Rfe8 27. Qg3 Qh5
28. Re1 g5 29. Qe3 Bxf4 30. Qd4+ Kg8 31. Nf1 Be5 32. Qxa7 Qg4 33. Qe3 Bf4 34.
Qh3 Qxh3 35. gxh3 Bd6 36. Ng3 Bc5 37. Be3 Bxe3 38. Rxe3 Rxb2 39. Rae1 Rxa2 40.
Nxe4 f5 0-1

[Event "DSM WK M 2015"]
[Site "Karlsruhe GER"]
[Date "2015.05.09"]
[Round "4"]
[White "Syla, Albetina"]
[Black "Schäfer, Jessica"]
[Result "1/2-1/2"]
[Termination "normal"]
[Board "3.3"]
[WhiteElo "1096"]
[BlackElo "1091"]
[WhiteTeam "Charlotte-Paulsen-Gymnasium Hamburg"]
[BlackTeam "Konrad-Duden-Schule Bad Hersfeld"]
[PlyCount "24"]
[BlackFideId "12996491"]
[EventCountry "GER"]
[EventRounds "7"]
[EventType "team-swiss"]
[EventDate "2015.05.07"]

1. e4 c5 2. Nc3 d6 3. g3 Nc6 4. Bg2 Nf6 5. f4 e5 6. d3 Be7 7. Nf3 Qa5 8. O-O b5
9. Be3 Qb6 10. Qd2 a6 11. h3 h5 12. Ne2 Qc7 1/2-1/2

[Event "DSM WK M 2015"]
[Site "Karlsruhe GER"]
[Date "2015.05.09"]
[Round "4"]
[White "Nguyen, Mai Chi"]
[Black "O'Reilly, Johanna"]
[Result "1-0"]
[Termination "normal"]
[Board "3.4"]
[WhiteElo "800"]
[BlackElo "800"]
[WhiteTeam "Konrad-Duden-Schule Bad Hersfeld"]
[BlackTeam "Charlotte-Paulsen-Gymnasium Hamburg"]
[PlyCount "69"]
[EventCountry "GER"]
[EventRounds "7"]
[EventType "team-swiss"]
[EventDate "2015.05.07"]

1. e4 e5 2. Nf3 Nc6 3. Bb5 Nf6 4. Nc3 Bb4 5. d3 a6 6. Bxc6 dxc6 7. Bd2 Bg4 8.
h3 Be6 9. Nxe5 O-O 10. a3 Bc5 11. Nf3 Ng4 12. hxg4 Bxg4 13. Rh4 Qc8 14. Na4 Bb6
15. Nxb6 cxb6 16. Qe2 Re8 17. Ng5 Bd7 18. Rxh7 Re5 19. Rh5 Qe8 20. Bc3 Rc5 21.
Bb4 Rb5 22. Qe3 c5 23. Bc3 Rc8 24. d4 Qe7 25. O-O-O Bg4 26. Rh4 Bf5 27. dxc5
bxc5 28. e5 Qxg5 29. Qxg5 c4 30. Qxf5 Rbc5 31. Qh7+ Kf8 32. Qh8+ Ke7 33. Qxg7
a5 34. Qf6+ Kf8 35. Rh8# 1-0

[Event "DSM WK M 2015"]
[Site "Karlsruhe GER"]
[Date "2015.05.09"]
[Round "4"]
[White "Alcer, Johanna"]
[Black "Kublanov, Carolin"]
[Result "0-1"]
[Termination "normal"]
[Board "4.1"]
[WhiteElo "1180"]
[BlackElo "1408"]
[WhiteTeam "Käthe-Kollwitz-Gymnasium Berlin"]
[BlackTeam "Humboldt-Gymnasium Düsseldorf"]
[PlyCount "122"]
[WhiteFideId "12964450"]
[BlackFideId "12944548"]
[EventCountry "GER"]
[EventRounds "7"]
[EventType "team-swiss"]
[EventDate "2015.05.07"]

1. e4 e5 2. Nf3 Nc6 3. Bc4 Nf6 4. d3 d6 5. O-O Bg4 6. Nbd2 Be7 7. Re1 O-O 8.
Nf1 Nd4 9. Ne3 Bxf3 10. gxf3 Nh5 11. c3 Ne6 12. Kh1 Bh4 13. Ng4 Nhf4 14. Rg1
Kh8 15. Be3 Nh3 16. Rg2 Nef4 17. Bxf4 exf4 18. Qd2 h5 19. Ne3 fxe3 20. Qxe3 Qf6
21. d4 Bg5 22. e5 Bxe3 23. exf6 Nxf2+ 24. Kg1 Ng4+ 25. Kf1 Nxf6 26. Re1 d5 27.
Rxe3 dxc4 28. Re7 Nd5 29. Re5 Rad8 30. Rxh5+ Kg8 31. Rgg5 Nf4 32. Rh4 Nd3 33.
Ra5 a6 34. Ra4 Nxb2 35. Rb4 Nd3 36. Rxc4 Rfe8 37. Rxc7 Re1+ 38. Kg2 Re2+ 39.
Kg1 Rxa2 40. Rxb7 Rc2 41. Rb3 Nc5 42. Ra3 Re8 43. Ra1 Nb3 44. Rd1 Rxc3 45. Kg2
Re2+ 46. Kg3 Rd2 47. Re1 f6 48. Re8+ Kf7 49. Ra8 Nxd4 50. Rxa6 Nf5+ 51. Kg4
Nxh4 52. Kxh4 Rg2 53. Ra7+ Kg6 54. Ra4 Rxf3 55. Rg4+ Rxg4+ 56. Kxg4 Ra3 57. h3
Ra4+ 58. Kg3 Kg5 59. Kg2 Ra3 60. Kh2 Kh4 61. Kg2 Rxh3 0-1

[Event "DSM WK M 2015"]
[Site "Karlsruhe GER"]
[Date "2015.05.09"]
[Round "4"]
[White "Kublanov, Elizabeth"]
[Black "Ludwig, Lea"]
[Result "1-0"]
[Termination "normal"]
[Board "4.2"]
[WhiteElo "1523"]
[BlackElo "800"]
[WhiteTeam "Humboldt-Gymnasium Düsseldorf"]
[BlackTeam "Käthe-Kollwitz-Gymnasium Berlin"]
[PlyCount "56"]
[WhiteFideId "12944564"]
[BlackFideId "16217381"]
[EventCountry "GER"]
[EventRounds "7"]
[EventType "team-swiss"]
[EventDate "2015.05.07"]

1. d4 Nf6 2. c4 e5 3. dxe5 Ng4 4. Nf3 Nc6 5. Bf4 Bb4+ 6. Nbd2 Qe7 7. a3 Ncxe5
8. Bxe5 Nxe5 9. Nxe5 Bxd2+ 10. Qxd2 Qxe5 11. e3 O-O 12. Bd3 h6 13. O-O b6 14.
f4 Qf6 15. Rf3 d6 16. Rg3 Qh4 17. Qc3 f6 18. Rf1 Be6 19. f5 Bd7 20. Rf4 Qh5 21.
Qb3 Be8 22. Rh3 Qf7 23. Rg4 Bc6 24. Rxh6 g5 25. fxg6 Qg7 26. c5+ d5 27. Rh7
Qxh7 28. gxh7+ Kh8 1-0

[Event "DSM WK M 2015"]
[Site "Karlsruhe GER"]
[Date "2015.05.09"]
[Round "4"]
[White "Buschek, Paula"]
[Black "Berelowitsch, Dana"]
[Result "0-1"]
[Termination "normal"]
[Board "4.3"]
[WhiteElo "788"]
[BlackElo "1473"]
[WhiteTeam "Käthe-Kollwitz-Gymnasium Berlin"]
[BlackTeam "Humboldt-Gymnasium Düsseldorf"]
[PlyCount "84"]
[WhiteFideId "16217373"]
[BlackFideId "12977144"]
[EventCountry "GER"]
[EventRounds "7"]
[EventType "team-swiss"]
[EventDate "2015.05.07"]

1. d4 d5 2. Nf3 Bg4 3. e3 Nf6 4. h3 Bh5 5. Bd3 Nc6 6. O-O e5 7. c3 e4 8. Bxe4
dxe4 9. Nbd2 exf3 10. Nxf3 Bd6 11. e4 Be7 12. Qd3 O-O 13. e5 Nd7 14. a4 Bxf3
15. Qxf3 Bg5 16. b4 Bxc1 17. Rfxc1 Qg5 18. b5 Na5 19. c4 c6 20. Qe4 Rfe8 21.
Rc3 Qg6 22. Qf3 Nb6 23. c5 Nd5 24. Rd3 f6 25. exf6 Qxf6 26. Qg4 Qg6 27. Qxg6
hxg6 28. Rg3 Kh7 29. Raa3 Nf4 30. Rg4 Nd5 31. Rag3 Re6 32. Rh4+ Kg8 33. Rg5 Rf8
34. Rhg4 Nf4 35. Kh2 Rff6 36. g3 Nd5 37. h4 Rxf2+ 38. Kh3 Ree2 39. Rf4 Nxf4+
40. Kg4 Nd5 41. h5 Nf6+ 42. Kh4 Rh2# 0-1

[Event "DSM WK M 2015"]
[Site "Karlsruhe GER"]
[Date "2015.05.09"]
[Round "4"]
[White "Zhuk, Margarita"]
[Black "Eilers-König, Nadja"]
[Result "1-0"]
[Termination "normal"]
[Board "4.4"]
[WhiteElo "800"]
[BlackElo "800"]
[WhiteTeam "Humboldt-Gymnasium Düsseldorf"]
[BlackTeam "Käthe-Kollwitz-Gymnasium Berlin"]
[PlyCount "67"]
[BlackFideId "16217390"]
[EventCountry "GER"]
[EventRounds "7"]
[EventType "team-swiss"]
[EventDate "2015.05.07"]

1. e4 c5 2. d4 cxd4 3. Qxd4 Nc6 4. Qd1 Nf6 5. Nc3 d6 6. Bb5 Bg4 7. Nge2 g6 8.
Nd5 Bg7 9. f3 Be6 10. Nb4 O-O 11. Bxc6 bxc6 12. Nxc6 Qc7 13. Ned4 Bc4 14. b3
Ba6 15. Nb4 Qa5 16. Bd2 Qb6 17. c3 Nh5 18. Ndc6 Bf6 19. Rc1 h6 20. Nxa6 Qxc6
21. Nb4 Qc5 22. Nd5 Bh4+ 23. g3 Nxg3 24. hxg3 Bxg3+ 25. Ke2 Qb5+ 26. c4 Qc5 27.
Nxe7+ Kh7 28. Rxh6+ Kg7 29. Qg1 Be5 30. Qxc5 dxc5 31. Rch1 Rfe8 32. Nc6 Bd6 33.
Bc3+ Kf8 34. Rh8# 1-0

[Event "DSM WK M 2015"]
[Site "Karlsruhe GER"]
[Date "2015.05.09"]
[Round "4"]
[White "Becker, Nina"]
[Black "Caliebe, Nanke"]
[Result "0-1"]
[Termination "normal"]
[Board "5.1"]
[WhiteElo "1102"]
[BlackElo "1360"]
[WhiteTeam "Warndt-Gymnasium Völklingen"]
[BlackTeam "Gymnasium Altenholz"]
[PlyCount "40"]
[BlackFideId "12980528"]
[EventCountry "GER"]
[EventRounds "7"]
[EventType "team-swiss"]
[EventDate "2015.05.07"]

1. e4 c5 2. Nf3 e6 3. Nc3 Nc6 4. d4 cxd4 5. Nxd4 Bb4 6. Nxc6 bxc6 7. Bd2 Qc7 8.
Bc4 d5 9. exd5 cxd5 10. Bb3 Nf6 11. O-O O-O 12. Nxd5 Nxd5 13. Bxd5 Rb8 14. Bb3
Rd8 15. c3 Bd6 16. g3 Bc5 17. Qc2 Qb6 18. Bf4 Ra8 19. Bc4 Bb7 20. b4 Qc6 0-1

[Event "DSM WK M 2015"]
[Site "Karlsruhe GER"]
[Date "2015.05.09"]
[Round "4"]
[White "König, Isabel"]
[Black "Bohdjalian, Roxanne"]
[Result "1-0"]
[Termination "normal"]
[Board "5.2"]
[WhiteElo "1073"]
[BlackElo "1117"]
[WhiteTeam "Gymnasium Altenholz"]
[BlackTeam "Warndt-Gymnasium Völklingen"]
[PlyCount "73"]
[WhiteFideId "16210000"]
[BlackFideId "12937789"]
[EventCountry "GER"]
[EventRounds "7"]
[EventType "team-swiss"]
[EventDate "2015.05.07"]

1. d4 d5 2. c4 Nc6 3. Nf3 Nf6 4. Nc3 e6 5. Bg5 Be7 6. e3 O-O 7. Rc1 b6 8. cxd5
exd5 9. Bd3 Nb4 10. Bb1 Ba6 11. a3 Nc6 12. b4 Bb7 13. Qd3 g6 14. Ne2 Ne4 15.
Bxe7 Qxe7 16. Nf4 Rad8 17. O-O a6 18. Rfe1 a5 19. b5 Na7 20. a4 Nc8 21. Ba2 Qe8
22. Rxc7 Ba8 23. Ne5 Nf6 24. Rec1 Nd6 25. Nc6 Bxc6 26. R1xc6 Rd7 27. Rxd7 Qxd7
28. Rxb6 Rc8 29. Qd2 Nfe4 30. Qe1 Qc7 31. Rc6 Qd8 32. Qc1 Nc4 33. Bxc4 dxc4 34.
Qxc4 Rxc6 35. Qxc6 Ng5 36. b6 Kg7 37. b7 1-0

[Event "DSM WK M 2015"]
[Site "Karlsruhe GER"]
[Date "2015.05.09"]
[Round "4"]
[White "Bohdjalian, Johanna"]
[Black "Caliebe, Frauke"]
[Result "0-1"]
[Termination "normal"]
[Board "5.3"]
[WhiteElo "800"]
[BlackElo "969"]
[WhiteTeam "Warndt-Gymnasium Völklingen"]
[BlackTeam "Gymnasium Altenholz"]
[PlyCount "88"]
[EventCountry "GER"]
[EventRounds "7"]
[EventType "team-swiss"]
[EventDate "2015.05.07"]

1. e4 c5 2. Nc3 e6 3. Bb5 a6 4. Bd3 d6 5. Nf3 Nf6 6. Qe2 Be7 7. e5 dxe5 8. Nxe5
Nbd7 9. Nf3 O-O 10. O-O b5 11. Ng5 Bb7 12. Bxb5 axb5 13. Nxb5 Qb8 14. d3 Ne5
15. f3 Ba6 16. f4 Ned7 17. Nc3 Qb6 18. f5 e5 19. Qf3 c4+ 20. d4 exd4 21. Nd5
Nxd5 22. Qxd5 Nf6 23. Qe5 Rfe8 24. Bf4 d3+ 25. Be3 Qc6 26. cxd3 cxd3 27. Rac1
Qd6 28. Qc3 d2 29. Bxd2 Bxf1 30. Rxf1 Nd5 31. Qc4 Bxg5 32. Bxg5 Ne3 33. Bxe3
Rxe3 34. Qf4 Qxf4 35. Rxf4 Re2 36. Kf1 Rxb2 37. Rd4 h6 38. Ke1 Raxa2 39. Rd8+
Kh7 40. Rd7 Rxg2 41. Kf1 Rxh2 42. Kg1 Rhc2 43. Kf1 Ra1+ 44. Rd1 Rxd1# 0-1

[Event "DSM WK M 2015"]
[Site "Karlsruhe GER"]
[Date "2015.05.09"]
[Round "4"]
[White "Morsch, Rebecca"]
[Black "Pitschmann, Lea"]
[Result "1-0"]
[Termination "normal"]
[Board "5.4"]
[WhiteElo "800"]
[BlackElo "800"]
[WhiteTeam "Gymnasium Altenholz"]
[BlackTeam "Warndt-Gymnasium Völklingen"]
[PlyCount "26"]
[EventCountry "GER"]
[EventRounds "7"]
[EventType "team-swiss"]
[EventDate "2015.05.07"]

7... Be6 8. Be2 h6 9. Be3 Bg4 10. h3 Bxf3 11. Bxf3 Qd7 12. Bxc5 dxc5 13. Qe3
O-O-O 14. Qxc5 Qd6 15. Qb5 Nd7 16. Bg4 g6 17. Na4 h5 18. Bxd7+ Rxd7 19. Nc5
Rdd8 20. Qxb7# 1-0

[Event "DSM WK M 2015"]
[Site "Karlsruhe GER"]
[Date "2015.05.09"]
[Round "4"]
[White "Dorendorf, Lena"]
[Black "Bykov, Ilona"]
[Result "0-1"]
[Termination "normal"]
[Board "6.1"]
[WhiteElo "1125"]
[BlackElo "1363"]
[WhiteTeam "Gymnasium Gadebusch"]
[BlackTeam "Kant-Gymnasium Karlsruhe"]
[PlyCount "94"]
[WhiteFideId "12983373"]
[BlackFideId "12964433"]
[EventCountry "GER"]
[EventRounds "7"]
[EventType "team-swiss"]
[EventDate "2015.05.07"]

1. e4 e5 2. Nf3 Nc6 3. Nc3 Bb4 4. Bb5 a6 5. Ba4 Nf6 6. d3 O-O 7. Bd2 Re8 8. O-O
d6 9. h3 b5 10. Bb3 Be6 11. Re1 Bc5 12. Be3 Ba7 13. Bg5 a5 14. Nxb5 Rb8 15.
Nxa7 Nxa7 16. Qc1 Nc6 17. Ba4 Bd7 18. Bxc6 Bxc6 19. b3 Qe7 20. Qd2 Ra8 21. Qc3
Bb7 22. Bxf6 Qxf6 23. Qxc7 Bc8 24. Kf1 h6 25. Qc6 Ba6 26. Qc3 Bb7 27. Qd2 d5
28. c3 Bc6 29. Rac1 Bb7 30. c4 dxe4 31. dxe4 Bc6 32. Re3 Qe6 33. Qd1 Bb7 34.
Re1 Red8 35. Qc2 Bc6 36. Re3 Rab8 37. Ree1 Qe8 38. Rb1 Rb4 39. Kg1 a4 40. bxa4
Rxa4 41. Re3 Raa8 42. Rbe1 Ba4 43. Qc1 Bc6 44. Qc3 Rxa2 45. Nxe5 Bb7 46. f3 Ra5
47. Nd3 Ra7 0-1

[Event "DSM WK M 2015"]
[Site "Karlsruhe GER"]
[Date "2015.05.09"]
[Round "4"]
[White "Ignatova, Nadja"]
[Black "Lübbert, Charline"]
[Result "1-0"]
[Termination "normal"]
[Board "6.2"]
[WhiteElo "1180"]
[BlackElo "1228"]
[WhiteTeam "Kant-Gymnasium Karlsruhe"]
[BlackTeam "Gymnasium Gadebusch"]
[PlyCount "71"]
[BlackFideId "12983381"]
[EventCountry "GER"]
[EventRounds "7"]
[EventType "team-swiss"]
[EventDate "2015.05.07"]

1. e4 e5 2. Nf3 Nc6 3. Bc4 Nf6 4. d3 Bc5 5. Nc3 d6 6. Bg5 h6 7. Bh4 Bg4 8. Nd5
g5 9. Bg3 Nd4 10. Ne3 Nxf3+ 11. gxf3 Be6 12. Qd2 Qd7 13. O-O-O Nh5 14. Nd5 c6
15. Ne3 O-O-O 16. c3 Nxg3 17. hxg3 Bxe3 18. Qxe3 Bxc4 19. dxc4 Kb8 20. b3 f5
21. c5 f4 22. Qe2 Qe6 23. cxd6 Rxd6 24. Rxd6 Qxd6 25. Rd1 Qe7 26. Qd3 Kc7 27.
Qc4 h5 28. Qa4 Kb8 29. Rh1 Qf6 30. Qc4 fxg3 31. fxg3 Qxf3 32. Rd1 Qxg3 33. Qf7
Qxc3+ 34. Kb1 Qc5 35. Qf6 Rf8 36. Rd8+ 1-0

[Event "DSM WK M 2015"]
[Site "Karlsruhe GER"]
[Date "2015.05.09"]
[Round "4"]
[White "Albrecht, Marie"]
[Black "Grining, Maria"]
[Result "1-0"]
[Termination "normal"]
[Board "6.3"]
[WhiteElo "991"]
[BlackElo "800"]
[WhiteTeam "Gymnasium Gadebusch"]
[BlackTeam "Kant-Gymnasium Karlsruhe"]
[PlyCount "69"]
[WhiteFideId "12983390"]
[BlackFideId "16235037"]
[EventCountry "GER"]
[EventRounds "7"]
[EventType "team-swiss"]
[EventDate "2015.05.07"]

1. e4 e5 2. Nf3 Nc6 3. d3 d6 4. Nc3 Nf6 5. d4 exd4 6. Nxd4 Nxd4 7. Qxd4 Be6 8.
Bg5 h6 9. Bh4 g5 10. Bg3 Rg8 11. f3 d5 12. e5 c5 13. Qd3 c4 14. Qd4 Nh5 15.
O-O-O Nxg3 16. hxg3 Rc8 17. Nb5 Bc5 18. Qd2 f6 19. Rxh6 a6 20. Nc3 d4 21. Ne4
Rc6 22. Nxf6+ Kf7 23. Nxg8 Kxg8 24. f4 g4 25. Be2 Kg7 26. Rdh1 Qd5 27. f5 Bxf5
28. Qg5+ Kf7 29. Qxf5+ Ke7 30. Rh7+ Kd8 31. Rg7 Qe6 32. Rh8+ Qe8 33. Rxe8+ Kxe8
34. Qd7+ Kf8 35. Qf7# 1-0